[Event "Stare Mesto"]
[Site "Stare Mesto"]
[Date "1992.??.??"]
[Round "3"]
[White "Plachetka, Jan"]
[Black "Guliev, Sarhan"]
[Result "1/2-1/2"]
[WhiteElo "2475"]
[BlackElo "2470"]

1.d4 d5 2.c4 c6 3.Nc3 Nf6 4.Nf3 e6 5.e3 Nbd7 6.Qc2 Bd6 7.b3 O-O 8.Bb2 Re8
9.Be2 dxc4 10.bxc4 e5 11.O-O exd4 12.exd4 Nf8 13.Rad1 Bg4 14.Ne5 Bxe2 15.Nxe2 N6d7
16.Ng3 Qc7 17.f4 c5 18.Qf5 Nb6 19.dxc5 Bxe5 20.Bxe5 Qxc5+ 21.Bd4 Qxf5 22.Nxf5 Ne6
23.Nd6 Re7 24.f5 Nxd4 25.Rxd4 Na4 26.f6 Rd7 27.Nf5 Rxd4 28.Nxd4 Rd8 29.Nf5 gxf6
30.Re1 a5 31.g4 Nb2 32.Re7 Nxc4 33.Rxb7 Ne5 34.h3 h5 35.gxh5 Rd2 36.a4 Ra2
37.Nh6+ Kg7 38.Nf5+ Kh7 39.Nd6 Kg7 40.Ne8+ Kh6 41.Nxf6 Rxa4 42.Rb5  1/2-1/2

[Event "Rilton Cup"]
[Site "Stockholm"]
[Date "1992.??.??"]
[Round "9"]
[White "Kharlov, Andrei"]
[Black "Hector, Jonny"]
[Result "1-0"]
[WhiteElo "2555"]
[BlackElo "2535"]

1.c4 e6 2.d4 d5 3.Nc3 c6 4.e3 Nf6 5.Nf3 Nbd7 6.Bd3 dxc4 7.Bxc4 b5 8.Bd3 Bb7
9.a3 b4 10.Ne4 Nxe4 11.Bxe4 Be7 12.axb4 Nf6 13.Bd3 Bxb4+ 14.Bd2 a5 15.Bxb4 axb4
16.O-O Rxa1 17.Qxa1 O-O 18.Qa7 Qa8 19.Ra1 Nd7 20.Ng5 Nf6 21.Ne4 Nxe4 22.Bxe4 g5
23.g3 Kg7 24.Qxa8 Bxa8 25.f4 h6 26.Ra7 Rb8 27.Kf2 Bb7 28.Ke1 Kf8 29.Kd2 Bc8
30.Bxc6 Rb6 31.Bf3 Ba6 32.Rc7 Bb5 33.Rb7 Rxb7 34.Bxb7 gxf4 35.gxf4 Ke7 36.e4 f6
37.Ke3 Bc4 38.e5 fxe5 39.dxe5 Ba2 40.Be4 Kd7 41.Kd4  1-0

[Event "FRA-ch"]
[Site "Strasbourg"]
[Date "1992.??.??"]
[Round "4"]
[White "Anic, Darko"]
[Black "Boudre, Jean Pierre"]
[Result "1/2-1/2"]
[WhiteElo "2395"]
[BlackElo "2405"]

1.Nf3 d5 2.d4 c6 3.c4 Nf6 4.e3 e6 5.Nc3 Nbd7 6.Bd3 dxc4 7.Bxc4 b5 8.Bd3 Bb7
9.O-O Rc8 10.e4 b4 11.e5 bxc3 12.exf6 cxb2 13.fxg7 Bxg7 14.Bxb2 c5 15.Rb1 O-O
16.dxc5  1/2-1/2

[Event "Subotica Palic"]
[Site "Subotica"]
[Date "1992.??.??"]
[Round "?"]
[White "Cabrilo, Goran"]
[Black "Knezevic, Milorad"]
[Result "1/2-1/2"]
[WhiteElo "2520"]
[BlackElo "2375"]

1.d4 d5 2.c4 c6 3.Nf3 Nf6 4.Nc3 e6 5.e3 Nbd7 6.Bd3 Bb4 7.O-O O-O 8.a3 Bd6
9.e4 dxe4 10.Nxe4 Nxe4 11.Bxe4 e5 12.dxe5  1/2-1/2

[Event "SWZ-ch int"]
[Site "?"]
[Date "1992.??.??"]
[Round "2"]
[White "Bischoff, Klaus"]
[Black "Fauland, Alexander"]
[Result "1-0"]
[WhiteElo "2510"]
[BlackElo "2425"]

1.c4 c6 2.Nf3 Nf6 3.Nc3 d5 4.e3 e6 5.d4 Nbd7 6.Qc2 Bd6 7.Be2 O-O 8.b3 Re8
9.O-O dxc4 10.bxc4 e5 11.Rd1 Qc7 12.c5 Bf8 13.Bc4 Re7 14.Bb2 exd4 15.exd4 b5
16.d5 bxc4 17.d6 Qa5 18.dxe7 Bxe7 19.Ne4 Ba6 20.Nxf6+ Nxf6 21.Ng5 c3 22.Bxc3 Qxc5
23.Ne4 Nxe4 24.Qxe4 Bf8 25.Rac1 Qa3 26.Qxc6 Rc8 27.Qf3 Qxa2 28.Bd4 Re8 29.Qc6 Qe2
30.Bxa7 h6 31.Be3 Rc8 32.Qd7 Rxc1 33.Rxc1 Ba3 34.Rd1 Bb5 35.Qd2 Qxd2 36.Rxd2 Bc4
37.Rc2 Be6 38.Bc5 Bf5 39.Rc4 Be6 40.Rc3 Bb2 41.Rd3 Bf6 42.Bd4 Be7 43.Rg3 g5
44.Rc3 Kh7 45.Rc7 Bd6 46.Ra7 h5 47.Ra8 Be7 48.Re8 Bd6 49.Be3 g4 50.Bd4 Kg6
51.Rg8+ Kf5 52.Rh8 Kg6 53.Be3 Be5 54.Rh6+ Kg7 55.Rxh5 f6 56.Rh4 f5 57.Rh6 Bf6
58.Bg5  1-0

[Event "SWZ-chI op"]
[Site "?"]
[Date "1992.??.??"]
[Round "3"]
[White "Goldstern, Flip"]
[Black "Simon, Ralf Axel"]
[Result "1-0"]
[WhiteElo "2315"]
[BlackElo "2260"]

1.d4 d5 2.c4 e6 3.Nf3 Nf6 4.Nc3 c6 5.e3 Nbd7 6.Qc2 Bd6 7.b3 O-O 8.Be2 dxc4
9.bxc4 e5 10.O-O Re8 11.Rd1 Qe7 12.a4 e4 13.Nd2 Nf8 14.a5 Ng4 15.g3 Bf5 16.c5 Bc7
17.d5 Be5 18.d6 Qf6 19.Ra3 Nxh2 20.Ncxe4 Qg6 21.Kxh2 Bxg3+ 22.fxg3 Rxe4 23.Nxe4 Bxe4
24.Bd3 Qh5+ 25.Kg1 Qh1+ 26.Kf2 Qg2+ 27.Ke1 Qxc2 28.Bxc2 Bxc2 29.Rd4 Bf5 30.e4 Bc8
31.Be3 Nd7 32.Rb4 a6 33.Bd4 Kf8 34.Rf3 Ke8 35.g4 g6 36.Rb2 Nf8 37.g5 Ne6
38.Be3 Kf8 39.Rbf2 Nd8 40.Bd4 Kg8 41.Kd2 Bd7 42.Kc3 Be8 43.Bf6 Ne6 44.Kc4 Bd7
45.Be7 Ng7 46.Bf6 Re8 47.Bxg7 Be6+ 48.Kd4 Kxg7 49.Rb2 Bc8 50.Rbf2 Rf8 51.Rh2 Rd8
52.Rf1 Bg4 53.Rb2 Bc8 54.Rfb1 Rd7 55.Ke5 f6+ 56.gxf6+ Kf7 57.Rh2 h5 58.Rg1 Rd8
59.Rhg2 Rg8 60.Rb2 Re8+ 61.Kf4 Kxf6 62.Rbg2 Bg4 63.Rxg4 hxg4 64.Rb1 g5+ 65.Ke3 Rb8
66.Rf1+ Ke6 67.Rf5 Rg8 68.Kf2 g3+ 69.Kxg3 g4 70.Rh5 Rg7 71.Rh8 Ke5 72.Re8+ Kd4
73.Re7 Rg8 74.d7 Kxc5 75.Re8  1-0

[Event "Tastrup"]
[Site "Tastrup"]
[Date "1992.??.??"]
[Round "?"]
[White "Hansen, Curt"]
[Black "Chernin, Alexander"]
[Result "1/2-1/2"]
[WhiteElo "2620"]
[BlackElo "2620"]

1.c4 c6 2.Nc3 d5 3.d4 Nf6 4.e3 e6 5.Nf3 Nbd7 6.Bd3 dxc4 7.Bxc4 b5 8.Bd3 a6
9.e4 c5 10.d5 c4 11.dxe6 cxd3 12.exd7+ Qxd7 13.O-O Bb7 14.Re1 Be7 15.e5 Nd5
16.Ne4 O-O 17.Qxd3 Qg4 18.Ng3 f5 19.Bd2 Rad8 20.Qb3 Kh8 21.h3 Qg6 22.Rac1 f4
23.Ne4 Ne3 24.Bxe3 Bd5 25.Bc5  1/2-1/2

[Event "Tel Aviv-B"]
[Site "Tel Aviv"]
[Date "1992.??.??"]
[Round "4"]
[White "Pein, Malcolm"]
[Black "Kraidman, Yair"]
[Result "1-0"]
[WhiteElo "2450"]
[BlackElo "2415"]

1.Nf3 Nf6 2.c4 e6 3.Nc3 d5 4.d4 c6 5.e3 Nbd7 6.Qc2 Bd6 7.g4 h6 8.Bd2 Qe7
9.O-O-O Nxg4 10.Be1 Ngf6 11.Rg1 g6 12.e4 Bf4+ 13.Kb1 dxe4 14.Nxe4 e5 15.Nxf6+ Qxf6
16.Bc3 O-O 17.Bd3 g5 18.Rde1 Re8 19.dxe5 Nxe5 20.Nxe5 Rxe5 21.Bxe5 Bxe5 22.f4 Bxf4
23.Re8+ Kg7 24.h4 Qd4 25.Rd1 Bg4 26.Rxa8 Bxd1 27.Qxd1 Be5 28.Qe2 gxh4 29.Re8 Bf6
30.Re4 Qg1+ 31.Qf1 Qb6 32.Re2 Qd4 33.Rg2+ Bg5 34.Rf2 Qd7 35.Rf3 h5 36.a3 a5
37.Rf5 f6 38.Rf3 a4 39.Qh3 Qc7 40.Rf1 Qd6 41.Qf5 h3 42.Re1  1-0

[Event "Tilburg"]
[Site "Tilburg"]
[Date "1992.??.??"]
[Round "1"]
[White "Karpov, Anatoly"]
[Black "Chernin, Alexander"]
[Result "1/2-1/2"]
[WhiteElo "2715"]
[BlackElo "2600"]

1.d4 d5 2.c4 c6 3.Nc3 Nf6 4.e3 e6 5.Nf3 Nbd7 6.Qc2 Bd6 7.Be2 O-O 8.O-O dxc4
9.Bxc4 Qe7 10.a3 e5 11.h3 Bb8 12.Ba2 h6 13.Nh4 Rd8 14.Nf5 Qe8 15.Ne2 Nf8
16.dxe5 Bxf5 17.Qxf5 Qxe5 18.Ng3 Qxf5 19.Nxf5 Ne6 20.b4 Be5 21.Rb1 Ne4 22.Bb2 Bxb2
23.Rxb2 Nc7 24.Rc1 a6 25.a4 Kf8 26.f3 Ng5 27.Kf2 Nge6 28.Ng3 Rd3 29.Ne4 Rad8
30.Rcc2 Nd5 31.Bxd5 R8xd5 32.Ke2 Rd7 33.b5 axb5 34.axb5 cxb5 35.Rxb5 R3d5
36.Rb6 Ke7 37.Rcb2 Nc5 38.Nxc5 Rxc5 39.Rxb7 Rxb7 40.Rxb7+ Kf6 41.Rb6+ Ke7
42.Kf2 h5 43.h4 Rc2+ 44.Kg3 g6 45.e4 Re2 46.Ra6 Kf8 47.Ra1 Kg7 48.Rf1 Kf6
49.Rf2 Re1 50.Kf4 Rh1 51.g3 Ra1 52.Re2 Ra5 53.Re3 Rb5 54.Ra3 Kg7 55.Rd3 Ra5
56.Ke3 Ra2 57.Kd4 Rg2 58.f4 Kf6 59.Rc3 Rd2+ 60.Ke3 Ra2 61.Rc6+ Kg7 62.f5 gxf5
63.exf5 Ra4 64.Rd6 Rg4 65.Kf3 Ra4  1/2-1/2

[Event "Tilburg"]
[Site "Tilburg"]
[Date "1992.??.??"]
[Round "2"]
[White "Vyzmanavin, Alexey"]
[Black "Pinter, Jozsef"]
[Result "1/2-1/2"]
[WhiteElo "2580"]
[BlackElo "2590"]

1.d4 Nf6 2.c4 e6 3.Nf3 d5 4.Nc3 c6 5.e3 Nbd7 6.Qc2 Bd6 7.Be2 O-O 8.O-O dxc4
9.Bxc4 Qe7 10.Bd2 a6 11.a4 c5 12.Rae1 h6 13.h3 Bc7 14.Ba2 b6 15.d5 Ne5 16.Nxe5 Bxe5
17.e4 Rb8 18.Qd3 Qd8 19.Bc4 Re8 20.b3 Ra8 21.Kh1 Bb7 22.f4 Bxc3 23.Bxc3 exd5
24.exd5 Rxe1 25.Rxe1 b5 26.axb5 axb5 27.Bxb5 Qxd5 28.Qxd5 Nxd5 29.Bd2 Nf6
30.Be3 Ra2 31.Re2 Rxe2 32.Bxe2 Bd5 33.Bxc5 Bxb3 34.Kh2  1/2-1/2

[Event "Tilburg rapid"]
[Site "Tilburg"]
[Date "1992.??.??"]
[Round "3"]
[White "Lputian, Smbat G"]
[Black "Sveshnikov, Evgeny"]
[Result "0-1"]
[WhiteElo "2585"]
[BlackElo "2525"]

1.d4 d5 2.c4 e6 3.Nf3 Nf6 4.Nc3 c6 5.e3 Bd6 6.Qc2 Nbd7 7.g4 Nxg4 8.Rg1 Nh6
9.Bd2 Nf5 10.O-O-O Nf6 11.Bd3 O-O 12.e4 dxe4 13.Nxe4 Be7 14.Ng3 Nxd4 15.Nxd4 Qxd4
16.Bh6 Qe5 17.Rde1 Qc7 18.Nf5 g6 19.Nh4 Bd6 20.Kb1 Bf4 21.Bxf8 Kxf8 22.Nf3 e5
23.Qc3 Ng4 24.Re2 Be6 25.h3 Nh2 26.Nxe5 Rd8 27.Bxg6 hxg6 28.Nxg6+ Ke8 29.Nxf4 Qxf4
30.Rg8+ Ke7 31.Rxe6+ Kxe6 32.Rxd8 Qxf2 33.Qd3 Qe1+ 34.Kc2 Qf2+ 35.Kc3 Nf3
36.Re8+ Kf6 37.Qe3 Qxe3+ 38.Rxe3 Ng5 39.b4 Ne6 40.c5 Kf5 41.Rf3+ Nf4 42.Kc4 Ke4
43.Rg3 f5 44.Rg7 Nd5 45.Rxb7 f4 46.Rxa7 f3 47.Rf7 Nf4 48.Re7+ Kf5 49.Re1 Ng2
50.Rc1 f2 51.b5 Ne1 52.bxc6 f1=Q+  0-1

[Event "Tilburg rapid15"]
[Site "Tilburg"]
[Date "1992.??.??"]
[Round "5"]
[White "Lputian, Smbat G"]
[Black "Sveshnikov, Evgeny"]
[Result "0-1"]
[WhiteElo "2585"]
[BlackElo "2525"]

1.d4 d5 2.c4 e6 3.Nc3 c6 4.e3 Nf6 5.Nf3 Nbd7 6.Qc2 Bd6 7.b3 O-O 8.Be2 dxc4
9.bxc4 e5 10.O-O Re8 11.Rd1 e4 12.Nd2 Qe7 13.Rb1 Nf8 14.Nf1 Ng6 15.a4 Nh4
16.Ng3 Nf5 17.Rb3 Nxg3 18.hxg3 h5 19.c5 Bc7 20.Ba3 h4 21.d5 Bxg3 22.fxg3 hxg3
23.Kf1 Ng4 24.Bxg4 Bxg4 25.Ke1 Qg5 26.Ne2 cxd5 27.Bb2 Re6 28.Nf4 Bxd1 29.Qxd1 Rh6
30.Qxd5 Rh1+  0-1

[Event "Air Force-ch"]
[Site "USA"]
[Date "1992.??.??"]
[Round "4"]
[White "Garcia, M."]
[Black "Echaure, S."]
[Result "1-0"]
[WhiteElo "1960"]
[BlackElo "2075"]

1.d4 d5 2.c4 e6 3.Nf3 c6 4.e3 Nf6 5.Nc3 Nbd7 6.Bd3 Bd6 7.O-O O-O 8.Re1 dxc4
9.Bxc4 b5 10.Bd3 e5 11.Ne4 Nxe4 12.Bxe4 Bb7 13.dxe5 Nxe5 14.Nxe5 Bxe5 15.Qh5 f5
16.Bxf5 Rf6 17.Bxh7+ Kh8 18.Be4+ Rh6 19.Qxe5 Qd7 20.Bf5 Qf7 21.e4 Re8 22.Qg3 Qxf5
23.Bxh6 Qf6 24.Bxg7+ Qxg7 25.Qxg7+ Kxg7  1-0

[Event "Victoria-ch"]
[Site "Victoria"]
[Date "1992.??.??"]
[Round "4"]
[White "Kagan, Naum"]
[Black "Hacche, David"]
[Result "1-0"]
[WhiteElo "2310"]
[BlackElo "2295"]

1.d4 d5 2.Nf3 c6 3.c4 Nf6 4.Nc3 e6 5.e3 Nbd7 6.Bd3 Bd6 7.O-O O-O 8.e4 dxe4
9.Nxe4 Nxe4 10.Bxe4 Nf6 11.Bc2 c5 12.Bg5 h6 13.Bh4 cxd4 14.Qxd4 g5 15.Rad1 Bxh2+
16.Nxh2 Qxd4 17.Rxd4 gxh4 18.Ng4 Kg7 19.Rfd1 e5 20.Nxe5 Be6 21.Rxh4 Rfd8
22.Rhd4 Rxd4 23.Rxd4 Rc8 24.Bd3 Rc5 25.f4 a5 26.Be2 b5 27.b3 bxc4 28.Bxc4 Bf5
29.Nxf7 Bb1 30.Nd8 Rh5 31.a3 Rh4 32.b4 axb4 33.axb4 Be4 34.Ne6+ Kg6 35.Bd3 Bxd3
36.Rxd3 Kf5 37.g3 Rg4 38.Re3 h5 39.b5 Nd7 40.Nd4+ Kf6 41.Kg2 Rg8 42.Kh3 Rc8
43.Re6+ Kf7 44.Rc6 Rh8 45.b6  1-0

[Event "Hoogovens-B"]
[Site "Wijk aan Zee"]
[Date "1992.??.??"]
[Round "4"]
[White "De Boer, Gert Jan"]
[Black "Kuijf, Marinus"]
[Result "1-0"]
[WhiteElo "2425"]
[BlackElo "2440"]

1.d4 d5 2.c4 c6 3.Nf3 Nf6 4.Nc3 e6 5.e3 Ne4 6.Bd3 f5 7.Ne5 Qf6 8.O-O Nd7
9.Bxe4 dxe4 10.Nxd7 Bxd7 11.f3 exf3 12.Rxf3 e5 13.Kh1 O-O-O 14.Qa4 Qh4 15.Bd2 exd4
16.Be1 Qh6 17.Qxa7 Bd6 18.Rh3 Qe6 19.Na4 f4 20.Qa8+ Bb8  1-0

[Event "Hoogovens-B"]
[Site "Wijk aan Zee"]
[Date "1992.??.??"]
[Round "5"]
[White "Finegold, Benjamin"]
[Black "Kuijf, Marinus"]
[Result "1-0"]
[WhiteElo "2465"]
[BlackElo "2440"]

1.d4 d5 2.c4 c6 3.Nf3 Nf6 4.Nc3 e6 5.e3 Bb4 6.Bd3 O-O 7.O-O Nbd7 8.a3 Ba5
9.Qc2 Re8 10.b4 Bc7 11.Bb2 h6 12.Rfd1 Qe7 13.b5 dxc4 14.Bxc4 e5 15.Nh4 Nf8
16.Nf5 Bxf5 17.Qxf5 exd4 18.exd4 Rad8 19.g3 Qd7 20.Qxd7 N8xd7 21.Bf1 c5 22.Na4 cxd4
23.Bxd4 Be5 24.f4 Bxd4+ 25.Rxd4 Rc8 26.Rad1 Rc7 27.Nb2 Rc2 28.Nc4 Nf8 29.Rd8 Re7
30.Ra8 g6 31.Rdd8 Nh7 32.Ne5 Kg7 33.Rxa7 g5 34.Raa8 gxf4 35.gxf4 f6 36.Nf3 Ne6
37.Rg8+ Kf7 38.Rg4 Nhf8 39.Rb8 h5 40.Rh4 Ng6 41.Rxh5 Ngxf4 42.Rh7+ Ng7 43.Nd4 Rc5
44.Rhh8 Ng6 45.Rhc8 Rg5+ 46.Kf2 Ne5 47.h3 Rh5 48.Rf8+ Kg6 49.Rbd8 Rh4 50.Kg2 Rf4
51.Ne2 Rf3 52.a4 Nf5 53.Rg8+ Kf7 54.Kg1 Ng6 55.Bg2 Ngh4 56.Bxf3 Nxf3+ 57.Kf2 Ng5
58.Rdf8+ Ke6 59.Nf4+ Kd7 60.Rd8+  1-0

[Event "Wisla BES op"]
[Site "Wisla"]
[Date "1992.??.??"]
[Round "1"]
[White "Chekhov, Valery A"]
[Black "Sicker, Rolf"]
[Result "1-0"]
[WhiteElo "2550"]
[BlackElo "2245"]

1.d4 d5 2.c4 c6 3.Nc3 Nf6 4.e3 e6 5.Nf3 Nbd7 6.Bd3 dxc4 7.Bxc4 b5 8.Bd3 a6
9.e4 c5 10.d5 Nb6 11.Bg5 c4 12.Bc2 Qc7 13.O-O Bd6 14.dxe6 Bxe6 15.Re1 Ng4
16.h3 h6 17.Bh4 g5 18.Nd5 Nxd5 19.exd5 gxh4 20.hxg4 O-O-O 21.dxe6 Bh2+ 22.Nxh2 Rxd1
23.Raxd1 fxe6 24.Rxe6 Rd8 25.Rde1 Rd6 26.Re8+ Kb7 27.Nf3 Kb6 28.Bf5 Qg7 29.Ne5 Rd2
30.Re7 Qh8 31.Re8 Qg7 32.Re7 Qh8 33.Re6+ Kc5 34.b3 Rxa2 35.bxc4 b4 36.Rd1 b3
37.Rd5+ Kb4 38.Rb6+ Kc3 39.Rd3+ Kb2 40.Rdxb3+ Kc1 41.Rc3+ Kd2 42.Rd3+ Ke2
43.Re3+  1-0

[Event "Zalakaros op"]
[Site "Zalakaros"]
[Date "1992.??.??"]
[Round "4"]
[White "Horvath, Csaba"]
[Black "Kiss, Pal"]
[Result "1-0"]
[WhiteElo "2485"]
[BlackElo "2410"]

1.d4 d5 2.Nf3 Nf6 3.c4 c6 4.Nc3 e6 5.e3 Nbd7 6.Bd3 dxc4 7.Bxc4 b5 8.Be2 Bb7
9.O-O Be7 10.e4 b4 11.e5 bxc3 12.exf6 Nxf6 13.bxc3 O-O 14.Rb1 Qc7 15.Bf4 Qxf4
16.Rxb7 Bd6 17.g3 Qf5 18.Nd2 Nd5 19.Nb1 c5 20.Bd3 Qf6 21.c4 Nb4 22.dxc5 Bxc5
23.Bxh7+ Kxh7 24.Qh5+ Kg8 25.Qxc5 a5 26.a3 Rfc8 27.Rc7 Rxc7 28.Qxc7 Nd3 29.c5 Qb2
30.c6 Nxf2 31.Rxf2 Qxb1+ 32.Rf1 Qg6 33.Qb7 Rf8 34.c7 Qc2 35.a4 g6 36.Rf2 Qc5
37.Kg2 Qc3 38.h4 Kg7 39.Kh3 Qc5 40.Qb2+ e5 41.Rc2 Qd5 42.Kh2 Rc8 43.Qb5 Qe4
44.Re2 Qd4 45.Qxa5 e4 46.Rc2 e3 47.Qc3 Qxc3 48.Rxc3 e2 49.Re3 Rxc7 50.Rxe2 Ra7
51.Ra2 Ra5 52.Kg2 Kf6 53.Kf3 Ke5 54.Ke3 Kd5 55.Kd3 Kc5 56.Kc3 Kb6 57.Kb4 Re5
58.Rc2 f5 59.Rc4 Re3 60.g4 fxg4 61.Rxg4 Re6 62.Kc4 Rd6 63.Rd4 Rf6 64.Kd5 Ka5
65.Ke5 Rc6 66.Rd6 Rc4 67.Rd5+ Ka6 68.Rd4 Rc5+ 69.Kf6 Rc6+ 70.Kg7 Ka5 71.Rg4 Rb6
72.Kh6 Rc6 73.Kh7  1-0

[Event "Zalakaros op"]
[Site "Zalakaros"]
[Date "1992.??.??"]
[Round "6"]
[White "Burmakin, Vladimir"]
[Black "Kiss, Pal"]
[Result "0-1"]
[WhiteElo "2330"]
[BlackElo "2410"]

1.d4 d5 2.c4 c6 3.Nc3 Nf6 4.Nf3 e6 5.e3 Nbd7 6.Qc2 Bd6 7.Be2 O-O 8.O-O dxc4
9.Bxc4 e5 10.h3 exd4 11.exd4 Nb6 12.Bb3 Nbd5 13.Bg5 Nc7 14.Rad1 Be6 15.Bh4 Bxb3
16.Qxb3 Rb8 17.Ne5 Be7 18.Rfe1 Nfd5 19.Bg3 Bd6 20.Ne4 Bb4 21.Re2 f5 22.Nd3 Ba5
23.Nec5 Kh8 24.Nf4 Nxf4 25.Bxf4 Re8 26.Re5 Bb6 27.Rxf5 Nb5 28.Ne6  0-1

[Event "Zalakaros op"]
[Site "Zalakaros"]
[Date "1992.??.??"]
[Round "8"]
[White "Horvath, Gyula"]
[Black "Horvath, Csaba"]
[Result "1/2-1/2"]
[WhiteElo "2405"]
[BlackElo "2485"]

1.c4 e6 2.Nc3 d5 3.d4 c6 4.Nf3 Nf6 5.e3 Nbd7 6.Qc2 Bd6 7.Be2 O-O 8.O-O dxc4
9.Bxc4 b5 10.Be2 Bb7 11.e4 e5 12.a3 Re8 13.h3 Qc7 14.dxe5 Nxe5 15.Bg5 Nxf3+
16.Bxf3 Nd7 17.Rfd1 Nc5 18.Rac1 Ne6 19.Be3 Bh2+  1/2-1/2

[Event "Casablanca"]
[Site "Zaragoza"]
[Date "1992.??.??"]
[Round "?"]
[White "Estremera Panos, Sergio"]
[Black "Braga, Fernando"]
[Result "1/2-1/2"]
[WhiteElo "2330"]
[BlackElo "2405"]

1.d4 d5 2.c4 c6 3.Nf3 Nf6 4.Nc3 e6 5.e3 Nbd7 6.Qc2 Bd6 7.Be2 O-O 8.O-O dxc4
9.Bxc4 Qe7 10.a3 e5 11.h3 b5 12.Bd3 Bb7 13.Ng5 h6 14.Nge4 Nxe4 15.Nxe4 a6
16.b4 exd4 17.exd4 Nf6 18.Bd2 Rad8 19.Rfe1 Bb8 20.Nc5 Qc7 21.g3 Bc8 22.Bf4 Qb6
23.Be5 Nd7 24.Bf1 Bxe5 25.Nxd7  1/2-1/2

[Event "Ibercaja op"]
[Site "Zaragoza"]
[Date "1992.??.??"]
[Round "?"]
[White "Gil Capape, Javier"]
[Black "San Segundo, Pablo"]
[Result "1-0"]
[WhiteElo "2400"]
[BlackElo "2415"]

1.d4 Nf6 2.Nf3 e6 3.c4 d5 4.Nc3 c6 5.e3 Nbd7 6.Bd3 dxc4 7.Bxc4 b5 8.Be2 Bb7
9.e4 b4 10.e5 bxc3 11.exf6 cxb2 12.fxg7 bxa1=Q 13.gxh8=Q Qa5+ 14.Nd2 Qf5
15.O-O O-O-O 16.Qb3 Nc5 17.Qa3 Qxd4 18.Qxd4 Rxd4 19.Nc4 Qc2 20.Qf3 Nd7 21.Be3 c5
22.Qxf7 Qxe2 23.Bxd4 Qe4 24.Qxf8+  1-0

[Event "Ibercaja op"]
[Site "Zaragoza"]
[Date "1992.??.??"]
[Round "?"]
[White "Marin, Mihail"]
[Black "San Segundo, Pablo"]
[Result "0-1"]
[WhiteElo "2525"]
[BlackElo "2415"]

1.d4 d5 2.c4 c6 3.Nc3 Nf6 4.e3 e6 5.Nf3 Nbd7 6.Bd3 dxc4 7.Bxc4 b5 8.Bd3 Bb7
9.O-O a6 10.e4 c5 11.d5 Qc7 12.dxe6 fxe6 13.Qe2 c4 14.Bc2 Bd6 15.Nd4 Nc5
16.f4 e5 17.Nf5 O-O 18.Rd1 Nd3 19.Nxd6 Qxd6 20.Bxd3 cxd3 21.Rxd3 Qc7 22.Bd2 exf4
23.Nd5 Qc5+ 24.Kh1 Qc4 25.Nxf6+ Rxf6 26.Re1 Re8 27.Rf3 Rxe4 28.Qxc4+ Rxc4
29.Rd3 h6 30.Kg1 Kh7 31.Rc3 Rxc3 32.bxc3 Rg6 33.Bxf4 Rxg2+ 34.Kf1 Rxa2 35.Re7 Bg2+
36.Ke1 Bd5 37.Be5 Rg2 38.Ra7 Bc4 39.Kd1 h5 40.Kc1 Rg5 41.Bd4 Rg6 42.Kd2 a5
43.h4 a4 44.Ke3 Rg4 45.Be5 Kg6  0-1

[Event "Ibercaja op"]
[Site "Zaragoza"]
[Date "1992.??.??"]
[Round "?"]
[White "Vyzmanavin, Alexey"]
[Black "Braga, Fernando"]
[Result "1-0"]
[WhiteElo "2590"]
[BlackElo "2405"]

1.d4 d5 2.c4 c6 3.Nc3 e6 4.e3 Nf6 5.Nf3 Nbd7 6.Qc2 Bd6 7.Be2 O-O 8.O-O dxc4
9.Bxc4 b5 10.Bd3 Bb7 11.a3 Rc8 12.Rd1 c5 13.Nxb5 Bxf3 14.gxf3 Bb8 15.Qe2 a6
16.Nc3 cxd4 17.exd4 Nd5 18.Nxd5 exd5 19.Qf1 Rc6 20.Qh3 h6 21.Be3 Re8 22.Kh1 Nf8
23.Rg1 Qb6 24.Rg4 Qxb2 25.Rag1 Ng6 26.Bxg6 fxg6 27.Rxg6 Rxg6 28.Rxg6 Bf4
29.Qd7  1-0

[Event "Aalborg op"]
[Site "Aalborg"]
[Date "1993.??.??"]
[Round "6"]
[White "Rublevsky, Sergei"]
[Black "Sherbakov, Ruslan"]
[Result "1/2-1/2"]
[WhiteElo "2515"]
[BlackElo "2570"]

1.d4 d5 2.c4 c6 3.Nc3 e6 4.e3 Nf6 5.Nf3 Nbd7 6.Qc2 Bd6 7.Be2 O-O 8.O-O b6
9.e4 Nxe4 10.Nxe4 dxe4 11.Qxe4 Bb7 12.Bd3 Nf6 13.Qh4 c5 14.d5 exd5 15.Bg5 h6
16.Bxh6 gxh6 17.Qxh6 dxc4 18.Qg5+ Kh8 19.Qh6+  1/2-1/2

[Event "Aalborg op"]
[Site "Aalborg"]
[Date "1993.??.??"]
[Round "6"]
[White "Hansen, Sune Berg"]
[Black "Kharlov, Andrei"]
[Result "1/2-1/2"]
[WhiteElo "2405"]
[BlackElo "2580"]

1.d4 d5 2.c4 e6 3.Nc3 c6 4.e3 Nf6 5.Nf3 Nbd7 6.Bd3 dxc4 7.Bxc4 b5 8.Be2 Bb7
9.e4 b4 10.e5 bxc3 11.exf6 Nxf6 12.bxc3 Bd6 13.O-O O-O 14.c4 c5 15.Bb2 Rb8
16.dxc5 Bxc5 17.Qc2 Be4 18.Qc1 Rb7 19.h3 Bg6 20.Ba3 Qa5 21.Bxc5 Qxc5 22.Nd2 Qe5
23.Bf3 Rc7 24.Nb3 Nd7 25.Re1 Qd6 26.Qe3 Qa3 27.Rec1 Rfc8 28.Be2 h6 29.h4 Nc5
30.h5 Bf5 31.g4 Bh7 32.Rd1 Bc2 33.Rdc1 Bxb3 34.Bd1 Qb2 35.Rcb1 Qf6 36.axb3 Rd8
37.Be2 e5 38.Ra5 Rd4 39.b4 Ne4 40.f3 Ng3 41.Rxe5 Nxe2+ 42.Qxe2 Rcxc4 43.Rc5 Qb6
44.Qe8+ Kh7 45.Qxf7 Rxc5 46.Qg6+ Qxg6 47.hxg6+ Kxg6 48.bxc5 Kf6 49.c6 Rc4
50.Ra1 Rxc6  1/2-1/2

[Event "Aarhus"]
[Site "Aarhus"]
[Date "1993.??.??"]
[Round "1"]
[White "Kjeldsen, Jens"]
[Black "Hector, Jonny"]
[Result "0-1"]
[WhiteElo "2380"]
[BlackElo "2470"]

1.c4 e6 2.Nc3 d5 3.d4 c6 4.e3 Nf6 5.Nf3 Nbd7 6.Qc2 Bd6 7.g4 dxc4 8.Bxc4 e5
9.g5 Nd5 10.Ne4 Bb4+ 11.Bd2 Qe7 12.O-O-O exd4 13.Nxd4 N7b6 14.Bd3 Bd7 15.Ng3 g6
16.Kb1 Bxd2 17.Qxd2 Qxg5 18.Rc1 Qe7 19.a3 O-O-O 20.Ne4 Nc7 21.Qa5 Kb8 22.Nc5 Ne6
23.Ncxe6 Bxe6 24.Rc5 Rd5 25.Rhc1 Rhd8 26.b4 Rxd4 27.exd4 Rxd4 28.Bc2 Nc4
29.Qa4 Nd2+ 30.Kb2 Qf6  0-1

[Event "Aegina op"]
[Site "Aegina"]
[Date "1993.??.??"]
[Round "5"]
[White "Miles, Anthony J"]
[Black "Stamatopoulos, Ioannis"]
[Result "1-0"]
[WhiteElo "2570"]
[BlackElo "2205"]

1.d4 d5 2.Nf3 e6 3.c4 Nf6 4.Nc3 c6 5.e3 Bd6 6.Be2 Nbd7 7.O-O O-O 8.b3 Re8
9.Qc2 Qe7 10.Rd1 b6 11.e4 dxe4 12.Nxe4 Nxe4 13.Qxe4 Bb7 14.Bf4 Bxf4 15.Qxf4 e5
16.Qg3 exd4 17.Nxd4 c5 18.Nf5 Qf6 19.Nxg7 Qxg7 20.Rxd7 Qxg3 21.hxg3 Rxe2
22.Rxb7 Rd8 23.Rxa7 Rdd2 24.Rf1 Kg7 25.g4 Re4 26.g3 Rxg4 27.Re1 Rg6 28.Kf1 Rh6
29.Ree7 Rf6 30.Re2 Rd3 31.Kg2 h5 32.Rae7 h4 33.gxh4 Rg6+ 34.Kh2 Rg4 35.R2e4 Rxe4
36.Rxe4 Rd2 37.Rg4+ Kh6 38.Rf4 Rxa2 39.Rxf7 Ra3 40.Rf3 b5 41.cxb5 c4 42.b6  1-0

[Event "Alcobendas op"]
[Site "Alcobendas"]
[Date "1993.??.??"]
[Round "7"]
[White "Hoffman, Alejandro"]
[Black "Eslon, Jaan"]
[Result "1-0"]
[WhiteElo "2440"]
[BlackElo "2440"]

1.d4 d5 2.c4 c6 3.Nf3 Nf6 4.Nc3 e6 5.e3 Nbd7 6.Qc2 Bd6 7.Bd2 O-O 8.O-O-O b5
9.cxb5 c5 10.e4 cxd4 11.Nxd4 Bb7 12.Nc6 Qc7 13.exd5 exd5 14.Kb1 a6 15.Bg5 Rfc8
16.Nd4 Be5 17.bxa6 Bxa6 18.Bxa6 Rxa6 19.Bxf6 Nxf6 20.Qe2 Raa8 21.f3 Re8 22.Qd3 Rab8
23.g3 Rec8 24.Rc1 Bxd4 25.Qxd4 Qb7 26.Na4 Rd8 27.Rc2 h6 28.Rhc1 Qe7 29.Nc5 Re8
30.Na6 Rbd8 31.Nb4 Qe6 32.a3 Qf5 33.Qd3 Qh5 34.Nc6 Ra8 35.Nd4 Reb8 36.Qf5 Qxf5
37.Nxf5 Kh7 38.Ka2 g6 39.Nd6 Kg7 40.Rc7 Rf8 41.Rc8 Ra6 42.Rxf8 Kxf8 43.Nb5 Rb6
44.Nd4 Rb7 45.b4 Ke7 46.b5 Nd7 47.a4 Ne5 48.Nc6+ Kd6 49.Nxe5 Kxe5 50.Kb3 d4
51.Re1+ Kd5 52.Kb4 Rc7 53.b6 Rc2 54.Kb5 Rb2+ 55.Ka6 d3 56.Re8 d2 57.Rd8+ Kc6
58.a5 Ra2 59.b7 Rb2 60.Rxd2  1-0

[Event "Altensteig-B"]
[Site "Altensteig"]
[Date "1993.??.??"]
[Round "4"]
[White "Kloepfer, Markus"]
[Black "Touzane, Olivier"]
[Result "0-1"]
[WhiteElo "2195"]
[BlackElo "2330"]

1.d4 Nf6 2.Nf3 d5 3.c4 c6 4.Nc3 e6 5.e3 Nbd7 6.Qc2 Bd6 7.g4 dxc4 8.g5 Nd5
9.Bxc4 N5b6 10.Bd3 Qe7 11.Bd2 e5 12.Ne4 Bb4 13.O-O-O Nd5 14.dxe5 Nxe5 15.Nxe5 Qxe5
16.Bxb4 Nxb4 17.Qb3 Nxd3+ 18.Qxd3 O-O 19.Nc3 Bg4 20.f4 Qa5 21.Rde1 Rfd8 22.Qf1 b5
23.a3 b4 24.axb4 Qxb4 25.h3 Rd2  0-1

[Event "Altensteig-B"]
[Site "Altensteig"]
[Date "1993.??.??"]
[Round "8"]
[White "Kloepfer, Markus"]
[Black "Sinz, Bernhard"]
[Result "0-1"]
[WhiteElo "2195"]
[BlackElo "2090"]

1.d4 d5 2.c4 c6 3.Nf3 Nf6 4.Nc3 e6 5.e3 Nbd7 6.Qc2 Bd6 7.Be2 O-O 8.O-O dxc4
9.Bxc4 e5 10.h3 h6 11.a3 Re8 12.Be2 Qe7 13.Nh4 Nf8 14.Nf5 Bxf5 15.Qxf5 e4
16.h4 Rad8 17.b4 Bb8 18.Bb2 Nd5 19.g3 g6 20.Qh3 Kg7 21.Rac1 Nh7 22.Kg2 Qf8
23.h5 Nhf6 24.hxg6 fxg6 25.Bd1 Nxc3 26.Bxc3 Rd5 27.Kg1 Nh7 28.f4 exf3 29.e4 Rh5
30.d5+ Be5 31.Qe6  0-1

[Event "Mephisto-GM-Turnier"]
[Site "Altensteig"]
[Date "1993.??.??"]
[Round "8"]
[White "Zueger, Beat"]
[Black "Hansen, Lars Bo"]
[Result "1/2-1/2"]
[WhiteElo "2395"]
[BlackElo "2560"]

1.Nf3 Nf6 2.c4 c6 3.Nc3 d5 4.e3 e6 5.d4 Nbd7 6.Qc2 a6 7.a3 Bd6 8.e4 e5 9.cxd5 cxd5
10.Bg5 Qc7 11.Rc1 exd4 12.Nb5 axb5 13.Qxc7 Bxc7 14.Rxc7 dxe4 15.Nxd4 Nd5
16.Nxb5 O-O 17.Rc1 Ne5 18.Nc7 Nxc7 19.Rxc7 Ra5 20.Be3 Rd5 21.Be2 Rd7 22.Rc5 Nd3+  1/2-1/2